[Event "Malaya Zemlya Rapid op"]
[Site "Novorossiysk"]
[Date "2021.07.10"]
[Round "1"]
[White "Usov, Vasilii"]
[Black "Vastrukhin, Oleg"]
[Result "0-1"]
[WhiteElo "1337"]
[BlackElo "2401"]
[PlyCount "58"]
[EventDate "2021.07.10"]
[EventType "swiss (rapid)"]
[EventRounds "9"]
[EventCountry "RUS"]
[SourceTitle "CBM 203 Extra"]
[Source "ChessBase"]
[SourceDate "2021.09.30"]
[SourceVersion "1"]
[SourceVersionDate "2021.09.30"]
[SourceQuality "1"]

1. e4 g6 2. Nf3 Bg7 3. d4 c6 4. c3 d5 5. exd5 cxd5 6. Be2 Nc6 7. 0-0 Nf6 8. Bg5 0-0 9. Nbd2 h6 10. Bh4 Bf5 11. Ne5 Nxe5 12. dxe5 Nd7 13. f4 Qb6+ 14. Bf2 Qxb2 15. Bd4 Rfc8 16. Nb3 Qa3 17. Qd2 a5 18. Bb5 a4 19. Bxd7 Bxd7 20. Nc1 Bb5 21. Nd3 e6 22. Rab1 Bxd3 23. Qxd3 Qxa2 24. Ra1 Qc4 25. Qc2 Qxd4+ 26. cxd4 Rxc2 27. Rfd1 a3 28. h3 a2 29. Kh2 b5 0-1